Dietro le porte

Sábháilte in:
Sonraí bibleagrafaíochta
Príomhchruthaitheoir: Reyes Alina
Formáid: LEABHAR
Teanga:Teanga Anaithnid nó Neamhbhailí
Foilsithe / Cruthaithe: Parma Guanda 1995
Clibeanna: Cuir clib leis
Níl clibeanna ann, Bí ar an gcéad duine le clib a chur leis an taifead seo!

MARC

LEADER 00000nam a2200000Ia 4500
001 130
003 NUMERAZIONE-ORIGINALE-BRESCIA
005 20260206230748.0
008 260206s9999 xx 000 0 und d
100 |a Reyes Alina 
245 0 |a Dietro le porte 
260 |a Parma 
260 |b Guanda 
260 |c 1995 
500 |a Narratori della fenice 
500 |a Un'avventura in cui voi siete le eroine/gli eroi 
942 |2 ddc  |c BK  |n 0 
952 |0 0  |1 0  |2 ddc  |4 0  |6 11  |7 0  |9 28320  |a BS  |b BS  |d 2026-02-06  |i 130  |l 0  |o 1-1-*  |r 2026-02-06 22:40:32  |w 2026-02-06  |x [REVISIONARE]  |y BK 
999 |c 24011  |d 24011